| 000 | 00453nam a2200169Ia 4500 | ||
|---|---|---|---|
| 003 | GCL | ||
| 008 | 140319s9999 xx 000 0 eng d | ||
| 040 |
_aGCL / _cGCL |
||
| 082 | 0 | 4 |
_a618.2 _bJ F |
| 100 | 1 | _aJONES, DEREK L. | |
| 245 | 1 | 0 |
_aFUNDAMENTALS OF OBSTETRICS AND GYNAECOLOGY / _cJONES, DEREK L. |
| 260 |
_a[S.N] : _bELBS WITH WOLFE PUBLISHING ، _c1992 |
||
| 300 | _a301 P | ||
| 650 | 0 | 4 | _aGYNECOLOGY |
| 650 | 0 | 4 | _aOBSTETRICS |
| 942 |
_2ddc _cBK |
||
| 999 |
_c20063 _d20063 |
||